000 00536nam a2200169 i 4500
001 150136
003 ES-MaACL
005 20230906203406.0
007 t|
008 071026s1977 sp ||||1| spa d
100 1 _aVaneigem, Raoul.
_9113072
245 1 0 _aTratado del saber vivir para uso de las jóvenes generaciones /
_cRaoul Vaneigem ; [traducción: Javier Urcanibia].
260 _aBarcelona :
_bAnagrama,
_c[1977]
300 _a295 p. ;
_c20 cm.
700 1 _aUrcanibia, Javier.
_9112100
852 _aES-MaACL
_jA-7433
_bR.96618
999 _c150136
_d150136